Endothelial dysfunction in acute ischemic stroke: a review
Endothelial dysfunction is considered an emerging therapeutic target to prevent complications during acute stroke and to prevent recurrent stroke. This review aims to provide an overview of the current knowledge on endothelial dysfunction, outline the diagnostic methods used to measure it and highli...
Saved in:
| Main Authors: | , , , |
|---|---|
| Format: | Article (Journal) |
| Language: | English |
| Published: |
15 January 2025
|
| In: |
Journal of neurology
Year: 2025, Volume: 272, Issue: 2, Pages: 1-10 |
| ISSN: | 1432-1459 |
| DOI: | 10.1007/s00415-025-12888-6 |
| Online Access: | Verlag, kostenfrei, Volltext: https://doi.org/10.1007/s00415-025-12888-6 |
| Author Notes: | Antonia Kleeberg, Thomas Luft, Daniel Golkowski, Jan C. Purrucker |
MARC
| LEADER | 00000caa a2200000 c 4500 | ||
|---|---|---|---|
| 001 | 1925131629 | ||
| 003 | DE-627 | ||
| 005 | 20250717013131.0 | ||
| 007 | cr uuu---uuuuu | ||
| 008 | 250508s2025 xx |||||o 00| ||eng c | ||
| 024 | 7 | |a 10.1007/s00415-025-12888-6 |2 doi | |
| 035 | |a (DE-627)1925131629 | ||
| 035 | |a (DE-599)KXP1925131629 | ||
| 035 | |a (OCoLC)1528044713 | ||
| 040 | |a DE-627 |b ger |c DE-627 |e rda | ||
| 041 | |a eng | ||
| 084 | |a 33 |2 sdnb | ||
| 100 | 1 | |a Kleeberg, Antonia |d 1996- |e VerfasserIn |0 (DE-588)1264253133 |0 (DE-627)181310266X |4 aut | |
| 245 | 1 | 0 | |a Endothelial dysfunction in acute ischemic stroke |b a review |c Antonia Kleeberg, Thomas Luft, Daniel Golkowski, Jan C. Purrucker |
| 264 | 1 | |c 15 January 2025 | |
| 300 | |b Diagramme | ||
| 300 | |a 10 | ||
| 336 | |a Text |b txt |2 rdacontent | ||
| 337 | |a Computermedien |b c |2 rdamedia | ||
| 338 | |a Online-Ressource |b cr |2 rdacarrier | ||
| 500 | |a Online veröffentlicht: 15. Januar 2025 | ||
| 500 | |a Gesehen am 08.05.2025 | ||
| 520 | |a Endothelial dysfunction is considered an emerging therapeutic target to prevent complications during acute stroke and to prevent recurrent stroke. This review aims to provide an overview of the current knowledge on endothelial dysfunction, outline the diagnostic methods used to measure it and highlight the drugs currently being investigated for the treatment of endothelial dysfunction in acute ischemic stroke. | ||
| 650 | 4 | |a Acute ischemic stroke | |
| 650 | 4 | |a Endothelial dysfunction | |
| 650 | 4 | |a Endotheliopathy | |
| 650 | 4 | |a Endothelium | |
| 650 | 4 | |a Stroke | |
| 700 | 1 | |a Luft, Thomas |e VerfasserIn |0 (DE-588)1078976309 |0 (DE-627)839996969 |0 (DE-576)452120659 |4 aut | |
| 700 | 1 | |a Golkowski, Daniel |d 1983- |e VerfasserIn |0 (DE-588)1026152402 |0 (DE-627)72619820X |0 (DE-576)37142500X |4 aut | |
| 700 | 1 | |a Purrucker, Jan |d 1982- |e VerfasserIn |0 (DE-588)142755281 |0 (DE-627)638930405 |0 (DE-576)333199219 |4 aut | |
| 773 | 0 | 8 | |i Enthalten in |t Journal of neurology |d [Darmstadt] : Steinkopff, 1974 |g 272(2025), 2, Artikel-ID 143, Seite 1-10 |h Online-Ressource |w (DE-627)242065155 |w (DE-600)1421299-7 |w (DE-576)065026500 |x 1432-1459 |7 nnas |a Endothelial dysfunction in acute ischemic stroke a review |
| 773 | 1 | 8 | |g volume:272 |g year:2025 |g number:2 |g elocationid:143 |g pages:1-10 |g extent:10 |a Endothelial dysfunction in acute ischemic stroke a review |
| 856 | 4 | 0 | |u https://doi.org/10.1007/s00415-025-12888-6 |x Verlag |x Resolving-System |z kostenfrei |3 Volltext |
| 951 | |a AR | ||
| 992 | |a 20250508 | ||
| 993 | |a Article | ||
| 994 | |a 2025 | ||
| 998 | |g 142755281 |a Purrucker, Jan |m 142755281:Purrucker, Jan |d 910000 |d 911100 |d 50000 |e 910000PP142755281 |e 911100PP142755281 |e 50000PP142755281 |k 0/910000/ |k 1/910000/911100/ |k 0/50000/ |p 4 |y j | ||
| 998 | |g 1026152402 |a Golkowski, Daniel |m 1026152402:Golkowski, Daniel |d 910000 |d 911100 |e 910000PG1026152402 |e 911100PG1026152402 |k 0/910000/ |k 1/910000/911100/ |p 3 | ||
| 998 | |g 1078976309 |a Luft, Thomas |m 1078976309:Luft, Thomas |d 910000 |d 910100 |d 50000 |e 910000PL1078976309 |e 910100PL1078976309 |e 50000PL1078976309 |k 0/910000/ |k 1/910000/910100/ |k 0/50000/ |p 2 | ||
| 998 | |g 1264253133 |a Kleeberg, Antonia |m 1264253133:Kleeberg, Antonia |d 910000 |d 911100 |e 910000PK1264253133 |e 911100PK1264253133 |k 0/910000/ |k 1/910000/911100/ |p 1 |x j | ||
| 999 | |a KXP-PPN1925131629 |e 4722834423 | ||
| BIB | |a Y | ||
| SER | |a journal | ||
| JSO | |a {"type":{"bibl":"article-journal","media":"Online-Ressource"},"physDesc":[{"noteIll":"Diagramme","extent":"10 S."}],"relHost":[{"physDesc":[{"extent":"Online-Ressource"}],"type":{"media":"Online-Ressource","bibl":"periodical"},"recId":"242065155","pubHistory":["Volume 207, issue 1 (March 1974)-"],"origin":[{"publisher":"Steinkopff ; Springer ; Steinkopff [u.a.] ; Springer-Medizin-Verl.","dateIssuedDisp":"1974-","publisherPlace":"[Darmstadt] ; Berlin ; Heidelberg [u.a.] ; Darmstadt ; Heidelberg","dateIssuedKey":"1974"}],"title":[{"title_sort":"Journal of neurology","title":"Journal of neurology"}],"id":{"issn":["1432-1459"],"zdb":["1421299-7"],"eki":["242065155"]},"language":["eng","ger"],"part":{"extent":"10","pages":"1-10","year":"2025","volume":"272","text":"272(2025), 2, Artikel-ID 143, Seite 1-10","issue":"2"},"disp":"Endothelial dysfunction in acute ischemic stroke a reviewJournal of neurology","note":["Gesehen am 14.03.25","Ungezählte Beil.: Supplement"]}],"recId":"1925131629","person":[{"given":"Antonia","display":"Kleeberg, Antonia","family":"Kleeberg","role":"aut"},{"family":"Luft","role":"aut","given":"Thomas","display":"Luft, Thomas"},{"display":"Golkowski, Daniel","given":"Daniel","family":"Golkowski","role":"aut"},{"family":"Purrucker","role":"aut","display":"Purrucker, Jan","given":"Jan"}],"name":{"displayForm":["Antonia Kleeberg, Thomas Luft, Daniel Golkowski, Jan C. Purrucker"]},"language":["eng"],"origin":[{"dateIssuedKey":"2025","dateIssuedDisp":"15 January 2025"}],"title":[{"title":"Endothelial dysfunction in acute ischemic stroke","subtitle":"a review","title_sort":"Endothelial dysfunction in acute ischemic stroke"}],"note":["Online veröffentlicht: 15. Januar 2025","Gesehen am 08.05.2025"],"id":{"doi":["10.1007/s00415-025-12888-6"],"eki":["1925131629"]}} | ||
| SRT | |a KLEEBERGANENDOTHELIA1520 | ||